| 000 | 01460cam a2200433 i 4500 | ||
|---|---|---|---|
| 999 |
_c21622 _d21622 |
||
| 001 | 17720897 | ||
| 003 | OSt | ||
| 005 | 20200616103733.0 | ||
| 007 | ta | ||
| 008 | 120319s2012 ii b 001 0 eng d | ||
| 010 | _a 2013319047 | ||
| 020 | _a9788125044727 | ||
| 020 | _a8125044728 | ||
| 025 | _aI-E-2013-319047; 61-92 | ||
| 035 | _a(OCoLC)ocn786881942 | ||
| 035 | _a(OCoLC)786881942 | ||
| 037 | _aLibrary of Congress -- New Delhi Overseas Office | ||
| 040 |
_aDKAGE _beng _coclc _dCOD _dIUL _dZCU _dDLC _erda _dDLC |
||
| 042 |
_alccopycat _alcode |
||
| 043 | _aa-ii--- | ||
| 050 | 0 | 0 |
_aHQ1742 _b.G476 2012 |
| 082 | 0 | 4 |
_a305.420954 _223 _bGUP/G |
| 100 |
_92948 _aGupta, Charu |
||
| 245 | 0 | 0 |
_aGendering colonial India : _breforms, print, caste and communalism / _cCharu Gupta. |
| 264 | 1 |
_aNew Delhi : _bOrient Blackswan, _c2012. |
|
| 300 |
_aviii, 394 pages ; _c23 cm |
||
| 336 |
_atext _2rdacontent |
||
| 337 |
_aunmediated _2rdamedia |
||
| 338 |
_avolume _2rdacarrier |
||
| 490 | 0 | _aCritical thinking in South Asian history | |
| 500 | _aContributed articles. | ||
| 504 | _aIncludes bibliographical references (pages 370-377) and index. | ||
| 650 | 0 |
_aCaste _zIndia _xHistory. |
|
| 650 | 0 |
_aGroup identity _zIndia _xHistory. |
|
| 700 | 1 |
_aGupta, Charu, _eeditor. |
|
| 906 |
_a7 _bcbc _ccopycat _d3 _encip _f20 _gy-gencatlg |
||
| 942 |
_2ddc _cBK _h305.420954 _iGUP/G _k305.420954 _mGUP/G |
||